| 000 | 00596nam a22002057a 4500 | ||
|---|---|---|---|
| 999 |
_c534428 _d534428 |
||
| 003 | nit | ||
| 005 | 20200220114704.0 | ||
| 008 | 120927t2009 xxu||||| |||| 00| 0 eng d | ||
| 038 | _aMUHAMMAD SOHAIL | ||
| 040 | _c0 | ||
| 082 | _a730 | ||
| 100 |
_aAftab Ahmad Khan _928558 |
||
| 245 |
_aGandhara Classics _cAftab Ahmad Khan |
||
| 260 |
_bAhsanulla & Samiullah Khan. _c2007. |
||
| 300 |
_a210;p. : _bill; _c28 cm. |
||
| 650 |
_aHistory _xPeshawat District (Pakistan) _928564 |
||
| 651 |
_aPeshawar District (Pakistan) _91310 |
||
| 942 |
_2ddc _cBK |
||